Score 0/12 Timer 02:00
4 Plays Today
% Correct
Tokyo
95.8%
Taipei
90.9%
Tehran
88.1%
Tunis
86.1%
Tegucigalpa
85.7%
Tallinn
84.4%
Tripoli
83.2%
Tashkent
81.3%
Tirana
78.8%
Thimphu
78.5%
Tarawa
76.6%
Tbilisi
74%
Remove Ads.
Support Sporcle.
Get the best of Sporcle when you Go Orange. This ad-free experience offers more features, more stats, and more fun while also helping to support Sporcle. Thank you for becoming a member.

You're not logged in!

Compare scores with friends on all Sporcle quizzes.
OR
Log In

Sporcle TV

Today on Sporcle TV


Watch our educational content, quiz creation guides, and fun videos on Sporcle TV.

Show Comments

Extras

Top Quizzes Today


Score Distribution

Paid Content

Your Account Isn't Verified!

In order to create a playlist on Sporcle, you need to verify the email address you used during registration. Go to your Sporcle Settings to finish the process.

Report this User

Report this user for behavior that violates our Community Guidelines.

Details: